|
|
|
|
| LEADER |
00000nab a2200000 a 4500 |
| 001 |
vtls008630858 |
| 003 |
SK-MaSNL |
| 005 |
20260426083908.0 |
| 008 |
250505c2005 xo mr|p|||||||000 b|slo |
| 015 |
|
|
|a SNBRB2006/03
|2 snkbucl
|
| 035 |
|
|
|a (uuid)c6279e50-9944-496f-bb1d-b327f1110680
|
| 035 |
|
|
|a urn:nbn:sk:snk-abws7
|
| 035 |
|
|
|a (urnnbn)urn:nbn:sk:snk:ar-a03rcf
|
| 038 |
|
|
|a SNKBUCL
|
| 040 |
|
|
|a SNKBUCL
|b slo
|c SNKBUCL
|e AACR2
|
| 041 |
0 |
|
|a slo
|
| 044 |
|
|
|a xo
|c SK
|
| 080 |
|
|
|a 351.777.61:628.4.042
|x (437.6)
|2 1997
|
| 080 |
|
|
|a 628.4.042
|x (437.6)
|2 1997
|
| 100 |
1 |
|
|a Štefanová, Eulália
|4 aut
|9 1022919
|
| 245 |
1 |
0 |
|a Biologicky rozložiteľné odpady na území miest a obcí
|c Eulália Štefanová
|
| 650 |
0 |
7 |
|a biologicky rozložiteľný odpad
|2 snkbucl
|9 78735
|
| 650 |
0 |
7 |
|a komunálne odpadové hospodárstvo
|2 snkbucl
|9 1451807
|
| 651 |
|
7 |
|a Slovensko
|2 snkbucl
|9 14231
|
| 773 |
0 |
|
|t Odpady
|g Roč. 5, č. 12 (2005), s. 22-24
|x 1335-7808
|
| 850 |
|
|
|a Slovenská národná knižnica
|
| 852 |
|
|
|a Slovenská národná knižnica
|
| 954 |
|
|
|a odborná, vedecká literatúra pôvodná (slovenská)
|2 lita
|
| 958 |
|
|
|a article2022
|
| 958 |
|
|
|a OND
|
| 958 |
|
|
|a EUIPO
|
| 999 |
|
|
|c 2917003
|d 2918933
|